Statistics for People by Country #2

Click here to take the quiz!

General Stats

  • This quiz has been taken 91 times
  • The average score is 13 of 20

Answer Stats

PersonCountry% Correct
Yao MingChina
95%
Thomas JeffersonUnited States
93%
Lady DianaUnited Kingdom
87%
Eva PerónArgentina
85%
ShakiraColombia
83%
Novak DjokovićSerbia
80%
HirohitoJapan
79%
Nadia ComăneciRomania
75%
Alexander the GreatGreece
72%
RihannaBarbados
71%
NefertitiEgypt
69%
Anne FrankGermany
69%
Russell CroweNew Zealand
65%
Idi AminUganda
61%
Nikola TeslaCroatia
43%
Ernő RubikHungary
41%
Natalie PortmanIsrael
41%
Montserrat CaballéSpain
33%
Catherine the GreatPoland
31%
J. R. R. TolkienSouth Africa
24%

Score Distribution

Percentile by Number Answered

Percent of People with Each Score

Your Score History

You have not taken this quiz